| Поле | Название | Значение |
| |
Тип записи |
i |
| |
Библиографический уровень |
m |
| 001 |
Контрольный номер |
EL/0000165721 |
| 005 |
Дата корректировки |
20250709140029.0 |
| 010 |
Индекс ISBN |
__ |
| d |
Цена |
306-00 |
| 100 |
Данные общей обработки |
__ |
| a |
Данные общей обработки |
19080114d2007 |||y0rusy0189 ca |
| 101 |
Язык документа |
0_ |
| a |
Язык текста |
rus |
| 102 |
Страна публикации |
__ |
| a |
Страна публикации |
RU |
| 102 |
Страна публикации |
__ |
| a |
Страна публикации |
RU |
| 105 |
Кодированные данные (монография) |
__ |
| a |
Кодированные данные (монография) |
zy |
| 200 |
Заглавие и сведения об ответственности |
1_ |
| a |
Заглавие |
Царь-рыба |
| e |
Сведения, относящиеся к заглавию |
в 2 CD |
| f |
Первые сведения об ответственности |
В. Астафьев ; читает: Александр Резалин |
| b |
Общее обозначение материала |
Электронный ресурс |
| 210 |
Выходные данные |
1_ |
| a |
Место издания |
Москва |
| c |
Издательство |
Аудиокнига |
| d |
Дата издания |
2007 |
| 215 |
Физическое описание |
__ |
| a |
Объем |
2 электрон. опт. диска (CD-ROM)(21 ч.) |
| c |
Иллюстрации/тип воспроизводства |
зв. |
| 225 |
Серия (Журнальная рубрика) |
2_ |
| a |
Серия (Журнальная рубрика) |
Школьная библиотека |
| 230 |
Специфическая характеристика материала: электронные ресурсы |
__ |
| a |
Обозначение и объем ресурса |
Электрон. зв. дан. |
| 300 |
Общие примечания |
__ |
| a |
Общие примечания |
Систем. требования: CD-плеер с поддержкой MP3 или Pentium-233 с Windows 9x-XP ; CD-ROM ; звуковая карта |
| 300 |
Общие примечания |
__ |
| a |
Общие примечания |
Загл. с этикетки диска |
| 300 |
Общие примечания |
__ |
| a |
Общие примечания |
2 диска в одном контейнере и футляре |
| 606 |
Тематические рубрики |
__ |
| a |
Основная рубрика |
Художественная литература |
| 606 |
Тематические рубрики |
__ |
| a |
Основная рубрика |
Русская литература XX в. (произведения) |
| 610 |
Ключевые слова |
0_ |
| a |
Ключевые слова |
русская советская литература |
| 610 |
Ключевые слова |
0_ |
| a |
Ключевые слова |
говорящая книга |
| 686 |
Индексы других классификаций |
__ |
| 2 |
Код системы |
rubbk |
| a |
Индекс ББК |
84(2Рос=Рус)6-4я04 |
| 700 |
Автор |
_1 |
| a |
Фамилия |
Астафьев |
| b |
Имя |
В. П. |
| f |
Даты |
1924-2001 |
| g |
Полное личное имя |
Виктор Петрович |
| 801 |
Источник записи |
_0 |
| a |
Страна |
RU |
| b |
Организация |
Владимирская ОУНБ |
| c |
Дата составления |
20080114 |
| 801 |
Источник записи |
_1 |
| a |
Страна |
RU |
| b |
Организация |
Владимирская ОУНБ |
| c |
Дата составления |
20080114 |
| 801 |
Источник записи |
_2 |
| a |
Страна |
RU |
| b |
Организация |
Центральная районная библиотека им. Г. А. Пирожникова |
| c |
Дата составления |
20080114 |
| 852 |
Данные о местонахождении |
__ |
| j |
Шифр хранения |
84(2Рос=Рус)6 |
| i |
Авторский знак |
А 91 |
| b |
Сигла хранения |
ООЧ; 8; 9; 14; 16; 18; 22; 24; 26; 29 |
| 901 |
Тип документа |
__ |
| t |
Тип документа |
m |
| 902 |
Роль лиц |
__ |
| a |
Создатель БЗ |
ОКиО/Струналь |
| 990 |
Данные о заказе (DOS) |
__ |
| j |
Количество экземпляров (DOS) |
10 |
| h |
N записи в КСУ для Б/У (DOS) |
2014-1 |